[Event "Rivera Hernandez Memorial-B"]
[Site "Rivera Huila"]
[Date "2023.07.22"]
[Round "5"]
[White "Acuna Romero, Vladimir"]
[Black "Campos Guatavita, Daniel Felipe"]
[Result "1-0"]
[WhiteElo "1688"]
[BlackElo "1300"]
[PlyCount "99"]
[EventDate "2023.07.20"]
[EventType "swiss"]
[EventRounds "7"]
[EventCountry "COL"]
[SourceTitle "CBM 215 Extra"]
[Source "ChessBase"]
[SourceDate "2023.09.30"]
[SourceVersion "1"]
[SourceVersionDate "2023.09.30"]
[SourceQuality "1"]

1. e4 e5 2. Nf3 Nf6 3. Nc3 Nc6 4. Bb5 Bc5 5. h3 0-0 6. d3 h6 7. Be3 Bd4 8. Qd2 a6 9. Ba4 b5 10. Bb3 b4 11. Bxd4 Nxd4 12. Ne2 Nxf3+ 13. gxf3 d5 14. Rg1 Kh7 15. Qxb4 dxe4 16. fxe4 Bxh3 17. Qc5 Qd6 18. Qe3 Bg4 19. Qg3 Rg8 20. a3 Bxe2 21. Kxe2 Nh5 22. Qg4 Nf4+ 23. Kd2 Raf8 24. Qf5+ g6 25. Qg4 Qd4 26. Qh4 g5 27. Qg3 Nh5 28. Qf3 Nf4 29. Bc4 Rg6 30. c3 Qd6 31. Kc2 Rf6 32. Qe3 Qd7 33. Rg3 Nh5 34. Rg2 Qa4+ 35. b3 Qc6 36. Rh1 Nf4 37. Rxg5 Qd6 38. d4 exd4 39. cxd4 Qxa3 40. e5 Qa2+ 41. Kc3 Qa5+ 42. Kb2 Re8 43. exf6 Qxg5 44. Qxe8 Qxf6 45. Qxf7+ Qxf7 46. Bxf7 Nd3+ 47. Ka3 Nxf2 48. Rg1 Ne4 49. Bg6+ Kh8 50. Bxe4 1-0